000 00301nam a2200121Ia 4500
008 140130s9999 xx 000 0 und d
245 _cDavis, Kenneth
_aDon't know much about Dinosaurs
260 _bScholastic,
_c2004
440 _v1
521 _aGrade 7 - Grade 12
942 _cBK
999 _c41331
_d41331